[Event "WCO2014"]
[Site "Tromso"]
[Date "2014.08.09"]
[Round "7.24"]
[WhiteID "1802267"]
[White "Wang Alyssa"]
[BlackID "4001516"]
[Black "Blond Hanten Elsa"]
[Result "1-0"]
[LiveChessVersion "1.4.3"]
[BlackElo "1441"]
[WhiteElo "1610"]

1. d4 {[%clk 1:30:56]} Nf6 {[%clk 1:30:53]} 2. c4 {[%clk 1:31:19]} g6
{[%clk 1:31:14]} 3. Nc3 {[%clk 1:31:41]} d5 {[%clk 1:31:32]} 4. cxd5
{[%clk 1:31:42]} Nxd5 {[%clk 1:31:51]} 5. e4 {[%clk 1:31:55]} Nxc3
{[%clk 1:32:11]} 6. bxc3 {[%clk 1:32:16]} Bg7 {[%clk 1:32:19]} 7. Nf3
{[%clk 1:31:48]} c5 {[%clk 1:31:49]} 8. Be3 {[%clk 1:31:29]} O-O {[%clk 1:31:55]}
9. Rc1 {[%clk 1:29:54]} Nc6 {[%clk 1:29:05]} 10. d5 {[%clk 1:26:04]} Ne5
{[%clk 1:26:52]} 11. Nxe5 {[%clk 1:18:27]} Bxe5 {[%clk 1:26:01]} 12. f4
{[%clk 1:13:36]} Bg7 {[%clk 1:20:45]} 13. Qd2 {[%clk 1:10:29]} b6
{[%clk 1:16:51]} 14. Be2 {[%clk 1:09:38]} Qc7 {[%clk 1:08:00]} 15. O-O
{[%clk 1:01:30]} Rd8 {[%clk 1:02:14]} 16. Rfd1 {[%clk 0:56:26]} Bb7
{[%clk 0:46:26]} 17. Bf3 {[%clk 0:53:41]} Rd7 {[%clk 0:39:41]} 18. Qc2
{[%clk 0:41:49]} Re8 {[%clk 0:33:53]} 19. e5 {[%clk 0:27:27]} Red8
{[%clk 0:23:47]} 20. c4 {[%clk 0:27:40]} a6 {[%clk 0:19:02]} 21. Bg4
{[%clk 0:26:55]} e6 {[%clk 0:15:41]} 22. d6 {[%clk 0:22:55]} Qc6 {[%clk 0:14:16]}
23. Bf3 {[%clk 0:22:43]} Qc8 {[%clk 0:14:34]} 24. Qb3 {[%clk 0:21:36]} Bxf3
{[%clk 0:13:51]} 25. gxf3 {[%clk 0:21:58]} Qb7 {[%clk 0:13:43]} 26. Kf2
{[%clk 0:22:13]} f6 {[%clk 0:13:02]} 27. Qb2 {[%clk 0:15:46]} fxe5
{[%clk 0:11:16]} 28. fxe5 {[%clk 0:13:43]} Rf8 {[%clk 0:08:24]} 29. Qe2
{[%clk 0:07:36]} Bxe5 {[%clk 0:06:59]} 30. Bh6 {[%clk 0:06:47]} Rf5
{[%clk 0:06:58]} 31. f4 {[%clk 0:05:32]} Rf6 {[%clk 0:05:12]} 32. Qxe5
{[%clk 0:05:07]} Rdf7 {[%clk 0:04:47]} 33. Qxf6 {[%clk 0:03:56]} Rxf6
{[%clk 0:03:59]} 34. d7 {[%clk 0:04:16]} 1-0

[Event "WCO2014"]
[Site "Tromso"]
[Date "2014.08.09"]
[Round "7.40"]
[WhiteID "3603687"]
[White "Heredia Serrano Carla"]
[BlackID "8700478"]
[Black "Mwango Lorita"]
[Result "0-1"]
[LiveChessVersion "1.4.3"]
[BlackElo "1874"]
[WhiteElo "2168"]

1. e4 {[%clk 1:30:59]} e6 {[%clk 1:30:52]} 2. d4 {[%clk 1:31:26]} d5
{[%clk 1:31:14]} 3. Nd2 {[%clk 1:31:47]} Nf6 {[%clk 1:31:14]} 4. e5
{[%clk 1:32:14]} Nfd7 {[%clk 1:31:27]} 5. Bd3 {[%clk 1:32:41]} c5
{[%clk 1:31:32]} 6. c3 {[%clk 1:33:07]} Nc6 {[%clk 1:31:43]} 7. Ngf3
{[%clk 1:33:34]} Be7 {[%clk 1:28:04]} 8. O-O {[%clk 1:33:32]} Qb6
{[%clk 1:27:29]} 9. c4 {[%clk 1:27:08]} Nb4 {[%clk 1:19:39]} 10. Bb1
{[%clk 1:25:43]} cxd4 {[%clk 1:16:12]} 11. a3 {[%clk 1:24:51]} Nc6
{[%clk 1:16:00]} 12. cxd5 {[%clk 1:24:06]} Ncxe5 {[%clk 1:12:50]} 13. dxe6
{[%clk 1:23:02]} Nxf3+ {[%clk 1:09:37]} 14. Nxf3 {[%clk 1:23:03]} fxe6
{[%clk 1:09:04]} 15. Nxd4 {[%clk 1:22:36]} Nf6 {[%clk 1:09:10]} 16. Ba2
{[%clk 0:52:05]} Kf7 {[%clk 1:08:42]} 17. Nf3 {[%clk 0:42:48]} Rd8
{[%clk 1:06:22]} 18. Ng5+ {[%clk 0:40:08]} Kf8 {[%clk 1:04:22]} 19. Qe2
{[%clk 0:39:30]} Bc5 {[%clk 1:00:06]} 20. Bf4 {[%clk 0:35:55]} Re8
{[%clk 0:58:37]} 21. Rac1 {[%clk 0:30:32]} Bd7 {[%clk 0:54:42]} 22. Be5
{[%clk 0:22:19]} Re7 {[%clk 0:48:59]} 23. Qf3 {[%clk 0:15:56]} Kg8
{[%clk 0:47:06]} 24. b4 {[%clk 0:09:41]} Bd6 {[%clk 0:39:12]} 25. Bxf6
{[%clk 0:07:17]} gxf6 {[%clk 0:36:17]} 26. Qxf6 {[%clk 0:07:08]} Rf8
{[%clk 0:36:38]} 27. Qh6 {[%clk 0:07:21]} Bf4 {[%clk 0:36:09]} 28. Bb1
{[%clk 0:06:52]} Rff7 {[%clk 0:30:21]} 29. Rc4 {[%clk 0:04:28]} Bxg5
{[%clk 0:27:36]} 30. Qxg5+ {[%clk 0:04:55]} Rg7 {[%clk 0:27:35]} 31. Qe5
{[%clk 0:02:56]} Ref7 {[%clk 0:21:45]} 32. Be4 {[%clk 0:01:58]} Be8
{[%clk 0:15:25]} 33. Rc3 {[%clk 0:01:32]} a6 {[%clk 0:13:00]} 34. Rg3
{[%clk 0:01:00]} Rxg3 {[%clk 0:09:12]} 35. hxg3 {[%clk 0:01:23]} Bb5
{[%clk 0:09:17]} 36. Rc1 {[%clk 0:00:37]} Qxf2+ {[%clk 0:08:23]} 37. Kh2
{[%clk 0:01:05]} Bd7 {[%clk 0:06:38]} 38. Qg5+ {[%clk 0:00:34]} Kh8
{[%clk 0:05:58]} 39. Qe5+ {[%clk 0:00:41]} Kg8 {[%clk 0:02:30]} 40. Rc2
{[%clk 0:01:00]} Qf6 {[%clk 0:01:48]} 41. Qxf6 {[%clk 0:01:17]} Rxf6
{[%clk 0:02:15]} 42. Bxb7 {[%clk 0:00:35]} Bb5 {[%clk 0:01:59]} 43. Be4
{[%clk 0:23:51]} h6 {[%clk 0:31:30]} 44. g4 {[%clk 0:20:25]} Rf4 {[%clk 0:27:16]}
45. Bf3 {[%clk 0:20:37]} Rd4 {[%clk 0:25:57]} 46. Kg3 {[%clk 0:16:36]} Kf7
{[%clk 0:26:01]} 47. Ra2 {[%clk 0:07:12]} Bd3 {[%clk 0:21:41]} 48. Kf2
{[%clk 0:06:36]} Bc4 {[%clk 0:19:36]} 49. Ra1 {[%clk 0:04:16]} Bd5
{[%clk 0:15:56]} 50. Ke3 {[%clk 0:04:02]} e5 {[%clk 0:15:57]} 51. Rc1
{[%clk 0:00:51]} Ke6 {[%clk 0:11:24]} 52. Rh1 {[%clk 0:01:12]} Bc4
{[%clk 0:11:07]} 53. Rxh6+ {[%clk 0:01:31]} Ke7 {[%clk 0:11:03]} 54. Be2
{[%clk 0:00:39]} Bxe2 {[%clk 0:10:45]} 55. Kxe2 {[%clk 0:01:09]} Rxg4
{[%clk 0:10:57]} 56. Kf3 {[%clk 0:01:13]} Rf4+ {[%clk 0:11:15]} 57. Ke3
{[%clk 0:01:09]} Rg4 {[%clk 0:08:07]} 58. Kf2 {[%clk 0:01:00]} Rf4+
{[%clk 0:08:29]} 59. Kg1 {[%clk 0:00:47]} e4 {[%clk 0:07:33]} 60. Rh3
{[%clk 0:00:45]} Kd7 {[%clk 0:05:50]} 61. Re3 {[%clk 0:00:38]} Kd6
{[%clk 0:05:53]} 62. Kh2 {[%clk 0:00:35]} Ke5 {[%clk 0:06:12]} 63. Kg3
{[%clk 0:00:45]} Rf1 {[%clk 0:06:14]} 64. Rb3 {[%clk 0:00:35]} Kd4
{[%clk 0:06:15]} 65. b5 {[%clk 0:00:37]} axb5 {[%clk 0:04:01]} 66. Rxb5
{[%clk 0:00:31]} e3 {[%clk 0:04:18]} 67. Rb8 {[%clk 0:00:37]} e2 {[%clk 0:04:26]}
68. Rd8+ {[%clk 0:00:48]} Kc3 {[%clk 0:04:40]} 69. Rc8+ {[%clk 0:00:55]} Kb3
{[%clk 0:04:57]} 70. Rb8+ {[%clk 0:00:35]} Ka2 {[%clk 0:05:19]} 71. Re8
{[%clk 0:00:57]} e1=Q+ {[%clk 0:05:44]} 72. Rxe1 {[%clk 0:01:24]} Rxe1 73. Kf4
Kxa3 {[%clk 0:06:07]} 74. g4 {[%clk 0:02:17]} Kb4 {[%clk 0:06:05]} 75. Kf5
{[%clk 0:01:57]} Kc5 {[%clk 0:06:24]} 76. g5 {[%clk 0:01:49]} Kd6
{[%clk 0:06:31]} 77. Kf6 {[%clk 0:01:57]} Rf1+ {[%clk 0:06:47]} 78. Kg7
{[%clk 0:01:35]} Ke7 {[%clk 0:06:21]} 79. g6 {[%clk 0:01:41]} Rg1
{[%clk 0:06:34]} 80. Kh8 {[%clk 0:01:57]} Rxg6 {[%clk 0:06:25]} 0-1

[Event "WCO2014"]
[Site "Tromso"]
[Date "2014.08.09"]
[Round "7.39"]
[WhiteID "8700591"]
[White "Mbatha Constance"]
[BlackID "3503844"]
[Black "Bosch Garcia Jacqueline"]
[Result "0-1"]
[LiveChessVersion "1.4.3"]
[BlackElo "2173"]
[WhiteElo "1677"]

1. d4 {[%clk 1:30:54]} Nf6 {[%clk 1:30:55]} 2. c4 {[%clk 1:31:20]} e6
{[%clk 1:31:21]} 3. Nc3 {[%clk 1:31:45]} Bb4 {[%clk 1:30:53]} 4. Bd2
{[%clk 1:30:51]} b6 {[%clk 1:29:39]} 5. Nf3 {[%clk 1:30:35]} Bb7 {[%clk 1:29:58]}
6. e3 {[%clk 1:31:03]} O-O {[%clk 1:29:49]} 7. Bd3 {[%clk 1:31:05]} d5
{[%clk 1:24:12]} 8. cxd5 {[%clk 1:29:25]} exd5 {[%clk 1:10:27]} 9. O-O
{[%clk 1:29:29]} Ba6 {[%clk 1:07:05]} 10. Bxa6 {[%clk 1:26:24]} Nxa6
{[%clk 1:03:36]} 11. a3 {[%clk 1:26:28]} Bxc3 {[%clk 1:01:54]} 12. Bxc3
{[%clk 1:26:16]} Ne4 {[%clk 1:00:17]} 13. Rc1 {[%clk 1:25:47]} c5
{[%clk 0:56:41]} 14. Qa4 {[%clk 1:19:49]} Nc7 {[%clk 0:46:12]} 15. dxc5
{[%clk 1:14:37]} bxc5 {[%clk 0:43:20]} 16. Rfd1 {[%clk 1:13:50]} Nxc3
{[%clk 0:36:32]} 17. Rxc3 {[%clk 1:13:36]} Qd6 {[%clk 0:36:08]} 18. Qc2
{[%clk 1:11:49]} Ne6 {[%clk 0:33:08]} 19. Qf5 {[%clk 1:06:01]} Rad8
{[%clk 0:30:30]} 20. Rcd3 {[%clk 1:01:50]} Qb6 {[%clk 0:28:54]} 21. R3d2
{[%clk 0:52:29]} h6 {[%clk 0:26:21]} 22. h3 {[%clk 0:52:01]} Rd6 {[%clk 0:23:38]}
23. Ne5 {[%clk 0:47:04]} Rdd8 {[%clk 0:16:52]} 24. Qc2 {[%clk 0:35:56]} d4
{[%clk 0:16:50]} 25. exd4 {[%clk 0:32:53]} Nxd4 {[%clk 0:17:02]} 26. Qc4
{[%clk 0:32:00]} Qf6 {[%clk 0:09:34]} 27. Ng4 {[%clk 0:25:49]} Qg5
{[%clk 0:09:32]} 28. Kh1 {[%clk 0:25:04]} Rb8 {[%clk 0:03:52]} 29. b4
{[%clk 0:21:46]} Ne6 {[%clk 0:04:14]} 30. Rd5 {[%clk 0:20:52]} Qh4
{[%clk 0:03:25]} 31. bxc5 {[%clk 0:18:54]} Kh8 {[%clk 0:03:46]} 32. R5d2
{[%clk 0:04:39]} Rfc8 {[%clk 0:03:51]} 0-1

[Event "WCO2014"]
[Site "Tromso"]
[Date "2014.08.09"]
[Round "7.17"]
[WhiteID "3900754"]
[White "Sanchez Castillo Sarai Carolina"]
[BlackID "6700233"]
[Black "Zepeda Lorena"]
[Result "1/2-1/2"]
[LiveChessVersion "1.4.3"]
[BlackElo "2158"]
[WhiteElo "2207"]

1. e4 {[%clk 1:30:58]} c5 {[%clk 1:30:53]} 2. Nf3 {[%clk 1:31:25]} d6
{[%clk 1:31:18]} 3. Nc3 {[%clk 1:31:50]} Nf6 {[%clk 1:31:25]} 4. d4
{[%clk 1:30:57]} cxd4 {[%clk 1:31:43]} 5. Nxd4 {[%clk 1:31:24]} a6
{[%clk 1:32:07]} 6. a4 {[%clk 1:31:10]} e6 {[%clk 1:31:35]} 7. Be2
{[%clk 1:30:09]} Be7 {[%clk 1:31:47]} 8. O-O {[%clk 1:29:42]} O-O
{[%clk 1:31:55]} 9. f4 {[%clk 1:28:38]} Nc6 {[%clk 1:31:00]} 10. Kh1
{[%clk 1:27:09]} Qc7 {[%clk 1:31:08]} 11. Be3 {[%clk 1:13:15]} Re8
{[%clk 1:30:48]} 12. Nb3 {[%clk 1:11:40]} Na5 {[%clk 1:17:33]} 13. Nxa5
{[%clk 1:03:13]} Qxa5 {[%clk 1:17:42]} 14. Bf3 {[%clk 1:03:23]} Bd7
{[%clk 1:13:44]} 15. Qd2 {[%clk 0:47:56]} Bc6 {[%clk 1:09:53]} 16. b4
{[%clk 0:39:10]} Qc7 {[%clk 1:06:09]} 17. b5 {[%clk 0:37:22]} axb5
{[%clk 1:00:31]} 18. axb5 {[%clk 0:37:38]} Bd7 {[%clk 1:00:49]} 19. b6
{[%clk 0:37:18]} Rxa1 {[%clk 0:48:30]} 20. Rxa1 {[%clk 0:37:07]} Qc8
{[%clk 0:48:30]} 21. Ra7 {[%clk 0:34:23]} Bc6 {[%clk 0:42:49]} 22. Bg1
{[%clk 0:20:27]} Nd7 {[%clk 0:34:39]} 23. Ne2 {[%clk 0:15:27]} Nc5
{[%clk 0:26:32]} 24. Ng3 {[%clk 0:12:40]} Bf8 {[%clk 0:21:39]} 25. Qb4
{[%clk 0:05:04]} Rd8 {[%clk 0:14:40]} 26. h3 {[%clk 0:03:11]} h6 {[%clk 0:12:05]}
27. Qb2 {[%clk 0:03:05]} d5 {[%clk 0:06:14]} 28. exd5 {[%clk 0:02:50]} Bxd5
{[%clk 0:06:24]} 29. Bxd5 {[%clk 0:02:42]} Rxd5 {[%clk 0:06:41]} 30. Qa1
{[%clk 0:01:04]} Qc6 {[%clk 0:04:01]} 31. Ra8 {[%clk 0:01:10]} Rd2
{[%clk 0:03:18]} 32. Qf1 {[%clk 0:01:24]} Rxc2 {[%clk 0:03:05]} 33. Kh2
{[%clk 0:01:02]} Qd5 {[%clk 0:01:31]} 34. Bxc5 {[%clk 0:00:40]} Qxc5
{[%clk 0:01:46]} 35. Qd3 {[%clk 0:00:45]} Rc3 {[%clk 0:00:57]} 36. Ne4
{[%clk 0:00:55]} Rxd3 {[%clk 0:00:46]} 37. Nxc5 {[%clk 0:01:24]} Rd6
{[%clk 0:00:48]} 38. Rb8 {[%clk 0:00:59]} g5 {[%clk 0:00:44]} 39. fxg5
{[%clk 0:00:53]} hxg5 {[%clk 0:00:56]} 40. Rxb7 {[%clk 0:01:05]} Rc6
{[%clk 0:00:37]} 41. Ne4 {[%clk 0:00:58]} Bd6+ {[%clk 0:21:36]} 42. Kg1
{[%clk 0:22:24]} Be5 {[%clk 0:07:41]} 43. Kf1 {[%clk 0:22:35]} Bd4
{[%clk 0:06:11]} 44. Rb8+ {[%clk 0:22:25]} Kg7 {[%clk 0:06:19]} 45. b7
{[%clk 0:22:33]} Rb6 {[%clk 0:05:22]} 46. Rd8 {[%clk 0:19:59]} Be5
{[%clk 0:05:44]} 47. Nc5 {[%clk 0:15:02]} Bg3 {[%clk 0:03:42]} 48. Rd3
{[%clk 0:11:56]} Bb8 {[%clk 0:02:22]} 49. Rd8 {[%clk 0:07:14]} Bg3
{[%clk 0:02:28]} 50. Ke2 {[%clk 0:07:17]} Kg6 {[%clk 0:02:11]} 51. Kf3
{[%clk 0:06:51]} Bc7 {[%clk 0:01:57]} 52. Rg8+ {[%clk 0:05:45]} Kh7
{[%clk 0:01:29]} 53. Rc8 {[%clk 0:05:25]} Bd6 {[%clk 0:01:09]} 54. Ne4
{[%clk 0:04:58]} Be5 {[%clk 0:00:49]} 55. Nxg5+ {[%clk 0:00:43]} Kg7
{[%clk 0:01:05]} 56. Ke4 {[%clk 0:00:36]} Bg3 {[%clk 0:01:16]} 57. Rc3
{[%clk 0:00:36]} Bb8 {[%clk 0:01:37]} 58. Rc8 {[%clk 0:00:35]} 1/2-1/2

[Event "WCO2014"]
[Site "Tromso"]
[Date "2014.08.09"]
[Round "7.18"]
[WhiteID "6700217"]
[White "Sanchez Ingrid"]
[BlackID "3900401"]
[Black "Gutierrez Salazar Leonela"]
[Result "1/2-1/2"]
[LiveChessVersion "1.4.3"]
[BlackElo "2096"]
[WhiteElo "2020"]

1. e4 {[%clk 1:30:54]} c5 {[%clk 1:30:55]} 2. Nf3 {[%clk 1:31:18]} d6
{[%clk 1:31:13]} 3. d4 {[%clk 1:31:44]} cxd4 {[%clk 1:31:35]} 4. Qxd4
{[%clk 1:32:10]} a6 {[%clk 1:31:51]} 5. Bd3 {[%clk 1:31:50]} Nc6 {[%clk 1:31:52]}
6. Qe3 {[%clk 1:32:16]} Nf6 {[%clk 1:31:42]} 7. O-O {[%clk 1:32:21]} Qc7
{[%clk 1:24:53]} 8. Nbd2 {[%clk 1:29:27]} g6 {[%clk 1:18:14]} 9. c3
{[%clk 1:28:56]} Bg7 {[%clk 1:18:17]} 10. a4 {[%clk 1:27:16]} Rb8
{[%clk 1:15:07]} 11. h3 {[%clk 1:22:11]} O-O {[%clk 1:15:00]} 12. Rd1
{[%clk 1:19:56]} Nd7 {[%clk 1:11:57]} 13. Nb3 {[%clk 1:17:21]} Nce5
{[%clk 1:10:32]} 14. Nxe5 {[%clk 1:14:25]} Nxe5 {[%clk 1:10:51]} 15. Nd4
{[%clk 1:11:58]} Bd7 {[%clk 1:06:47]} 16. Bf1 {[%clk 1:07:55]} b5
{[%clk 1:03:23]} 17. axb5 {[%clk 1:03:33]} axb5 {[%clk 1:03:08]} 18. b3
{[%clk 0:58:20]} b4 {[%clk 0:57:13]} 19. c4 {[%clk 0:56:00]} Nc6 {[%clk 0:54:30]}
20. Bb2 {[%clk 0:49:53]} Qb6 {[%clk 0:41:05]} 21. Nxc6 {[%clk 0:47:19]} Bxc6
{[%clk 0:38:20]} 22. Qxb6 {[%clk 0:47:19]} Rxb6 {[%clk 0:38:45]} 23. Bxg7
{[%clk 0:47:44]} Kxg7 {[%clk 0:39:10]} 24. f3 {[%clk 0:47:40]} f5
{[%clk 0:38:11]} 25. exf5 {[%clk 0:46:01]} gxf5 {[%clk 0:38:12]} 26. Ra7
{[%clk 0:46:07]} Rb7 {[%clk 0:37:21]} 27. Rda1 {[%clk 0:41:41]} Rfb8
{[%clk 0:36:38]} 28. Bd3 {[%clk 0:39:53]} Kf6 {[%clk 0:35:53]} 29. Rxb7
{[%clk 0:38:29]} Rxb7 {[%clk 0:36:17]} 30. Ra5 {[%clk 0:38:50]} Bd7
{[%clk 0:35:13]} 31. g4 {[%clk 0:37:34]} e6 {[%clk 0:33:58]} 32. gxf5
{[%clk 0:36:49]} e5 {[%clk 0:32:07]} 33. Rd5 {[%clk 0:29:06]} Bxf5
{[%clk 0:30:53]} 34. Bxf5 {[%clk 0:28:34]} Kxf5 {[%clk 0:31:16]} 35. Rxd6
{[%clk 0:28:56]} Ra7 {[%clk 0:30:57]} 36. Rd2 {[%clk 0:18:01]} Ra1+
{[%clk 0:29:25]} 37. Kg2 {[%clk 0:16:35]} Rb1 {[%clk 0:27:50]} 38. Rd3
{[%clk 0:15:47]} Kf4 {[%clk 0:17:06]} 39. Kf2 {[%clk 0:16:13]} Rb2+
{[%clk 0:08:57]} 40. Ke1 {[%clk 0:15:38]} e4 {[%clk 0:09:13]} 41. fxe4
{[%clk 0:15:36]} Kxe4 {[%clk 0:09:35]} 42. Rg3 {[%clk 0:15:53]} Kf4
{[%clk 0:09:56]} 43. Rd3 {[%clk 0:15:26]} Ke4 {[%clk 0:10:15]} 44. Rg3
{[%clk 0:15:03]} Kf4 {[%clk 0:10:26]} 45. Rd3 {[%clk 0:15:16]} Ke4
{[%clk 0:10:50]} 46. Rg3 {[%clk 0:15:35]} Kf4 {[%clk 0:11:06]} 47. Rd3 Ke5
1/2-1/2

[Event "WCO2014"]
[Site "Tromso"]
[Date "2014.08.09"]
[Round "7.19"]
[WhiteID "3900517"]
[White "Montilla Jorcerys"]
[BlackID "6700667"]
[Black "Avelar Gabriela"]
[Result "1-0"]
[LiveChessVersion "1.4.3"]
[BlackElo "1903"]
[WhiteElo "2118"]

1. d4 {[%clk 1:30:57]} d6 {[%clk 1:30:54]} 2. c4 {[%clk 1:31:20]} Nf6
{[%clk 1:31:17]} 3. Nc3 {[%clk 1:31:46]} Nbd7 {[%clk 1:31:37]} 4. e4
{[%clk 1:31:59]} e5 {[%clk 1:31:55]} 5. d5 {[%clk 1:32:23]} Be7 {[%clk 1:32:14]}
6. Be2 {[%clk 1:32:07]} O-O {[%clk 1:31:15]} 7. f4 {[%clk 1:25:53]} exf4
{[%clk 1:28:53]} 8. Bxf4 {[%clk 1:26:16]} Ne5 {[%clk 1:28:06]} 9. Nf3
{[%clk 1:26:02]} Nfd7 {[%clk 1:26:50]} 10. Nd4 {[%clk 1:23:10]} Bg5
{[%clk 1:18:00]} 11. Qd2 {[%clk 1:20:57]} Bxf4 {[%clk 1:15:32]} 12. Qxf4
{[%clk 1:21:20]} Ng6 {[%clk 1:14:40]} 13. Qd2 {[%clk 1:20:55]} Qh4+
{[%clk 1:08:47]} 14. g3 {[%clk 1:21:20]} Qf6 {[%clk 1:08:13]} 15. O-O-O
{[%clk 1:17:30]} Nc5 {[%clk 1:04:28]} 16. h4 {[%clk 1:16:54]} Qe5
{[%clk 1:02:22]} 17. h5 {[%clk 1:16:42]} Ne7 {[%clk 1:01:52]} 18. Qf4
{[%clk 1:14:40]} Nd7 {[%clk 0:57:00]} 19. Ndb5 c6 {[%clk 0:51:52]} 20. Nxd6
{[%clk 1:12:24]} cxd5 {[%clk 0:48:45]} 21. cxd5 {[%clk 1:12:03]} f5
{[%clk 0:46:17]} 22. Qxe5 {[%clk 1:08:25]} Nxe5 {[%clk 0:46:40]} 23. Rhf1
{[%clk 1:08:31]} fxe4 {[%clk 0:43:47]} 24. Rxf8+ {[%clk 1:08:28]} Kxf8
{[%clk 0:44:11]} 25. Ncxe4 {[%clk 1:08:50]} b6 {[%clk 0:41:44]} 26. Nxc8
{[%clk 1:08:49]} Rxc8+ {[%clk 0:42:00]} 27. Kb1 {[%clk 1:09:15]} h6
{[%clk 0:37:01]} 28. b4 {[%clk 1:02:56]} Rd8 {[%clk 0:34:56]} 29. d6
{[%clk 1:00:51]} Nc8 {[%clk 0:32:51]} 30. Rf1+ {[%clk 0:59:23]} Kg8
{[%clk 0:30:19]} 31. Rf5 {[%clk 0:59:43]} Nd7 {[%clk 0:27:23]} 32. Bc4+
{[%clk 1:00:04]} Kh8 {[%clk 0:27:10]} 33. g4 {[%clk 0:53:36]} Kh7
{[%clk 0:22:13]} 34. g5 {[%clk 0:53:14]} Re8 {[%clk 0:18:57]} 35. g6+
{[%clk 0:52:27]} Kh8 {[%clk 0:19:22]} 36. Bd5 {[%clk 0:52:28]} Nf8
{[%clk 0:17:46]} 37. Rf7 {[%clk 0:50:08]} Rd8 {[%clk 0:16:34]} 38. b5
{[%clk 0:49:48]} Nd7 {[%clk 0:15:45]} 39. Be6 {[%clk 0:50:00]} Ne5
{[%clk 0:14:42]} 40. Rc7 {[%clk 0:49:52]} 1-0

[Event "WCO2014"]
[Site "Tromso"]
[Date "2014.08.09"]
[Round "7.20"]
[WhiteID "6702945"]
[White "Garcia Alcira"]
[BlackID "3903001"]
[Black "Varela La Madrid Tilsia Carolin"]
[Result "0-1"]
[LiveChessVersion "1.4.3"]
[BlackElo "2008"]
[WhiteElo "1692"]

1. e4 {[%clk 1:30:57]} d5 {[%clk 1:30:06]} 2. exd5 {[%clk 1:31:20]} Qxd5
{[%clk 1:30:35]} 3. Nc3 {[%clk 1:31:38]} Qa5 {[%clk 1:30:58]} 4. d4
{[%clk 1:32:03]} c6 {[%clk 1:31:23]} 5. Bd2 {[%clk 1:32:03]} Nf6 {[%clk 1:31:43]}
6. Bc4 {[%clk 1:32:24]} Bf5 {[%clk 1:31:59]} 7. Nd5 {[%clk 1:32:20]} Qd8
{[%clk 1:32:22]} 8. Nxf6+ {[%clk 1:32:43]} gxf6 {[%clk 1:32:47]} 9. Nf3
{[%clk 1:32:55]} Nd7 {[%clk 1:32:42]} 10. Bb3 {[%clk 1:32:50]} Qc7
{[%clk 1:31:51]} 11. Qe2 {[%clk 1:32:38]} Bg6 {[%clk 1:29:53]} 12. Nh4
{[%clk 1:25:57]} e6 {[%clk 1:29:35]} 13. f4 {[%clk 1:25:51]} O-O-O
{[%clk 1:28:36]} 14. O-O {[%clk 1:10:46]} Bd6 {[%clk 1:25:48]} 15. c4
{[%clk 1:09:43]} c5 {[%clk 1:25:49]} 16. dxc5 {[%clk 0:57:43]} Nxc5
{[%clk 1:25:30]} 17. Nxg6 {[%clk 0:56:22]} hxg6 {[%clk 1:25:48]} 18. Bc2
{[%clk 0:56:30]} g5 {[%clk 1:22:52]} 19. b4 {[%clk 0:56:14]} Nd7 {[%clk 1:22:53]}
20. c5 {[%clk 0:55:51]} Bxf4 {[%clk 1:23:07]} 21. Bxf4 {[%clk 0:56:05]} gxf4
{[%clk 1:23:21]} 22. Qf3 {[%clk 0:55:35]} Rh4 {[%clk 1:15:30]} 23. Be4
{[%clk 0:18:57]} Rdh8 {[%clk 1:11:04]} 24. h3 {[%clk 0:17:08]} f5
{[%clk 1:11:02]} 25. Bc2 {[%clk 0:12:13]} Ne5 {[%clk 1:11:16]} 26. Qa3
{[%clk 0:12:23]} Kb8 {[%clk 1:10:07]} 27. Rab1 {[%clk 0:11:38]} f3
{[%clk 1:09:22]} 28. Rxf3 {[%clk 0:06:08]} Nxf3+ {[%clk 1:09:30]} 29. Qxf3
{[%clk 0:06:36]} Rxb4 {[%clk 1:02:01]} 30. Rxb4 {[%clk 0:05:15]} Qxc5+
{[%clk 1:02:25]} 31. Kh2 {[%clk 0:05:41]} Qxb4 {[%clk 1:02:37]} 32. Qg3+
{[%clk 0:06:07]} Ka8 {[%clk 1:01:21]} 33. Qg7 {[%clk 0:06:02]} Qd6+
{[%clk 1:01:22]} 34. Qg3 {[%clk 0:06:26]} f4 {[%clk 0:59:53]} 35. Qd3
{[%clk 0:05:30]} Qxd3 {[%clk 0:57:41]} 36. Bxd3 {[%clk 0:05:58]} Kb8
{[%clk 0:58:00]} 37. g3 {[%clk 0:06:06]} fxg3+ {[%clk 0:58:18]} 38. Kxg3
{[%clk 0:06:35]} Kc7 {[%clk 0:58:38]} 39. h4 {[%clk 0:07:00]} Kd6
{[%clk 0:59:01]} 40. Kg4 {[%clk 0:07:24]} f5+ {[%clk 0:59:18]} 41. Kg5
{[%clk 0:07:47]} Ke5 {[%clk 0:59:37]} 42. h5 {[%clk 0:08:04]} Rg8+
{[%clk 0:58:39]} 43. Kh4 {[%clk 0:08:14]} Kf6 {[%clk 0:58:25]} 44. Bc4
{[%clk 0:08:08]} Rg4+ {[%clk 0:58:49]} 0-1

[Event "WCO2014"]
[Site "Tromso"]
[Date "2014.08.09"]
[Round "7.36"]
[WhiteID "502340"]
[White "Tuominen Tanja"]
[BlackID "724190"]
[Black "Fuad Kamel Jamaliah Natalie"]
[Result "1-0"]
[LiveChessVersion "1.4.3"]
[BlackElo "2003"]
[WhiteElo "2103"]

1. e4 {[%clk 1:30:56]} c5 {[%clk 1:30:49]} 2. Nf3 {[%clk 1:31:16]} d6
{[%clk 1:31:13]} 3. d4 {[%clk 1:31:02]} cxd4 {[%clk 1:31:36]} 4. Nxd4
{[%clk 1:31:28]} Nf6 {[%clk 1:31:59]} 5. Nc3 {[%clk 1:31:52]} a6 {[%clk 1:32:26]}
6. Be2 {[%clk 1:29:10]} e6 {[%clk 1:32:49]} 7. Be3 {[%clk 1:29:18]} Be7
{[%clk 1:32:11]} 8. O-O {[%clk 1:28:48]} O-O {[%clk 1:30:55]} 9. f4
{[%clk 1:24:55]} Qc7 {[%clk 1:28:56]} 10. Kh1 {[%clk 1:18:43]} Nc6
{[%clk 1:23:39]} 11. Qe1 {[%clk 1:18:20]} Na5 {[%clk 1:19:59]} 12. Qg3
{[%clk 1:11:05]} Re8 {[%clk 1:07:32]} 13. e5 {[%clk 0:55:16]} Nd5
{[%clk 1:00:49]} 14. Nf5 {[%clk 0:41:33]} g6 {[%clk 0:53:34]} 15. Nh6+
{[%clk 0:38:14]} Kg7 {[%clk 0:42:20]} 16. Bd4 {[%clk 0:34:22]} f6
{[%clk 0:38:51]} 17. Nf5+ {[%clk 0:32:17]} Kf8 {[%clk 0:36:29]} 18. Qh4
{[%clk 0:23:35]} h5 {[%clk 0:28:17]} 19. exd6 {[%clk 0:21:26]} Bxd6
{[%clk 0:28:25]} 20. Nxd5 {[%clk 0:21:30]} Qd8 {[%clk 0:27:21]} 21. Nxd6
{[%clk 0:20:12]} g5 {[%clk 0:26:24]} 22. Qxh5 {[%clk 0:19:54]} Qxd6
{[%clk 0:26:32]} 23. Qh8+ {[%clk 0:20:14]} 1-0

[Event "WCO2014"]
[Site "Tromso"]
[Date "2014.08.09"]
[Round "7.35"]
[WhiteID "8101531"]
[White "Alattar Ghayda M."]
[BlackID "502324"]
[Black "Puuska Heini"]
[Result "1-0"]
[LiveChessVersion "1.4.3"]
[BlackElo "1975"]
[WhiteElo "1950"]

1. d4 {[%clk 1:30:56]} d5 {[%clk 1:30:42]} 2. Nc3 {[%clk 1:31:21]} Nf6
{[%clk 1:30:53]} 3. Bg5 {[%clk 1:31:46]} c5 {[%clk 1:30:58]} 4. Bxf6
{[%clk 1:32:11]} gxf6 {[%clk 1:31:20]} 5. e4 {[%clk 1:32:31]} dxe4
{[%clk 1:30:26]} 6. dxc5 {[%clk 1:32:56]} f5 {[%clk 1:29:31]} 7. Qh5
{[%clk 1:27:38]} Bg7 {[%clk 1:15:21]} 8. Bb5+ {[%clk 1:11:59]} Nc6
{[%clk 1:13:35]} 9. Nge2 {[%clk 1:04:41]} e6 {[%clk 1:06:28]} 10. Bxc6+
{[%clk 0:56:09]} bxc6 {[%clk 1:06:27]} 11. O-O {[%clk 0:53:29]} Rb8
{[%clk 0:57:23]} 12. Rfd1 {[%clk 0:50:05]} Qc7 {[%clk 0:48:32]} 13. Rab1
{[%clk 0:48:06]} Ba6 {[%clk 0:44:29]} 14. Rd6 {[%clk 0:31:33]} Be5
{[%clk 0:43:16]} 15. Rxe6+ {[%clk 0:30:02]} Kf8 {[%clk 0:36:08]} 16. Rh6
{[%clk 0:25:55]} Bxe2 {[%clk 0:33:27]} 17. Nxe2 {[%clk 0:25:28]} Rxb2
{[%clk 0:27:11]} 18. Rd1 {[%clk 0:20:36]} Rxc2 {[%clk 0:23:00]} 19. Ng3
{[%clk 0:16:31]} e3 {[%clk 0:07:59]} 20. Nxf5 {[%clk 0:05:08]} exf2+
{[%clk 0:07:04]} 21. Kh1 {[%clk 0:05:33]} Qa5 {[%clk 0:06:40]} 22. Qh4
{[%clk 0:04:32]} Bf6 {[%clk 0:04:21]} 23. Rxf6 {[%clk 0:04:41]} Qd2
{[%clk 0:03:29]} 24. Qh6+ {[%clk 0:03:48]} Qxh6 {[%clk 0:03:35]} 25. Rd8#
{[%clk 0:04:04]} 1-0